La gestin̤ del agua en Argentina

Bibliographic Details
Main Author: Castillo, Lillian del
Format: Unknown
Language:Spanish
Published: Buenos Aires : Ciudad Argentina, 2007
Online Access:Acceso restringido

MARC

LEADER 00000ny a22000003n 4500
005 20110621120735.0
008 080806s2007 ag s 000 0 spa d
020 |a 849582373X 
035 |a 2201 
040 |a UMA.RE  |d vlex 
080 |a 628.1(82)(0.034):351.79 
090 |c 1287  |d 1287 
100 1 |a Castillo, Lillian del 
245 1 3 |a La gestin̤ del agua en Argentina  |h [Recurso electrn̤ico]  |c Lillian del Castillo 
256 |a Servicio en ln̕ea 
260 |a Buenos Aires :  |b Ciudad Argentina,  |c 2007 
506 1 |a Contenido solo disponible en los productos indicados  |d vLex Global  |d vLex Global (Academic Edition, excluding Law Schools)  |d vLex Global (U.S. Academic Edition, Law Schools)  |d vLex Global (U.S. Academic Edition, excluding Law Schools)  |d vLex Global (Academic Edition, Law Schools) 
740 0 |a vLex Libros (Servicios en ln̕ea) 
856 4 0 |u http://vlex.com/source/2201  |z Acceso restringido 
942 |c BOOK 
999 0 4 |a Agua  |z Argentina  |v En ln̕ea 
999 0 4 |a Recursos hidrùlicos  |z Argentina  |v En ln̕ea